National journal of contemporary issues in religions, arts and social studies (Record no. 38501)
[ view plain ]
| 000 -LEADER | |
|---|---|
| fixed length control field | 00447nam a2200157Ia 4500 |
| 022 ## - INTERNATIONAL STANDARD SERIAL NUMBER | |
| ISSN | 15962822 |
| 050 ## - CALL MARK | |
| Classification number | BL 2462.5 .N38/ |
| 245 #0 - TITLE STATEMENT | |
| Title | National journal of contemporary issues in religions, arts and social studies |
| 260 ## - PUBLICATION, DISTRIBUTION, ETC. (IMPRINT) | |
| Place of publication | Lagos |
| 260 ## - PUBLICATION, DISTRIBUTION, ETC. (IMPRINT) | |
| Name of publisher | Nigerian Association of Religious scholars |
| 260 ## - PUBLICATION, DISTRIBUTION, ETC. (IMPRINT) | |
| Year of publication | 2007 |
| 300 ## - PHYSICAL DESCRIPTION | |
| Number of Pages | ix. , 182 p. ; 28 cm. |
| 942 ## - ADDED ENTRY ELEMENTS (KOHA) | |
| Koha item type | Serials |
No items available.